[Event "Calchess State Scholastics"]
[Site "Santa Clara"]
[Date "2004.03.20"]
[Round "2"]
[White "Yeghikyan, David"]
[Black "Jangle, Hemang"]
[Result "0-1"]
[WhiteElo "711"]
[BlackElo "1005"]
[PlyCount "50"]
[EventDate "2004.03.20"]
[EventType "team-tourn"]
[EventRounds "6"]
[EventCountry "USA"]
[SourceTitle "EXT 2007"]
[Source "ChessBase"]
[SourceDate "2006.11.23"]
[SourceVersion "1"]
[SourceVersionDate "2006.11.23"]
[SourceQuality "1"]

1. e4 e5 2. Bc4 Bc5 3. Nf3 d6 4. h3 Nf6 5. d3 Nc6 6. Bg5 h6 7. Bxf6 Qxf6 8. 0-0 Be6 9. Nbd2 0-0-0 10. Bxe6+ fxe6 11. a3 a6 12. b4 Ba7 13. a4 Nxb4 14. Qc1 g5 15. Qb2 Nc6 16. Rab1 Bb6 17. a5 Nxa5 18. Rfe1 h5 19. Re2 g4 20. hxg4 hxg4 21. Nh2 Qh6 22. Ndf1 g3 23. Nxg3 Qxh2+ 24. Kf1 Qh1+ 25. Nxh1 Rxh1# 0-1